Physical activity towards health and fitness : (Record no. 88449)
[ view plain ]
| 000 -LEADER | |
|---|---|
| fixed length control field | 01111nam a22003017a 4500 |
| 003 - CONTROL NUMBER IDENTIFIER | |
| control field | URS |
| 005 - DATE AND TIME OF LATEST TRANSACTION | |
| control field | 20251022153932.0 |
| 008 - FIXED-LENGTH DATA ELEMENTS--GENERAL INFORMATION | |
| fixed length control field | 251022b |||||||| |||| 00| 0 eng d |
| 020 ## - INTERNATIONAL STANDARD BOOK NUMBER | |
| International Standard Book Number | 978-621-409-258-1 |
| 040 ## - CATALOGING SOURCE | |
| Language of cataloging | English |
| Transcribing agency | URS |
| Description conventions | rda |
| 050 ## - LIBRARY OF CONGRESS CALL NUMBER | |
| Classification number | GV341 |
| Item number | .P569b 2025 |
| 245 #0 - TITLE STATEMENT | |
| Title | Physical activity towards health and fitness : |
| Remainder of title | EXERCISE-BASED FITNESS ACTIVITIES / |
| Statement of responsibility, etc | Meynardo M. Ballecer...[and four others]. |
| 250 ## - EDITION STATEMENT | |
| Edition statement | Second edition. |
| 264 ## - PUBLICATION, DISTRIBUTION, ETC. (IMPRINT) | |
| Place of publication, distribution, etc | Mandaluyong City : |
| Name of publisher, distributor, etc | Books Atbp. Publishing Corp., |
| Date of publication, distribution, etc | ©2025. |
| 300 ## - PHYSICAL DESCRIPTION | |
| Extent | x, 196 pages ; |
| Dimensions | 26 cm. |
| 336 ## - CONTENT TYPE | |
| Content type term | text |
| Content type code | txt |
| Source | rdacontent |
| 337 ## - MEDIA TYPE | |
| Media type term | unmediated |
| Media type code | n |
| Source | rdamedia |
| 338 ## - CARRIER TYPE | |
| Carrier type term | volume |
| Carrier type code | nc |
| Source | rdacarrier |
| 504 ## - BIBLIOGRAPHY, ETC. NOTE | |
| Bibliography, etc | Includes bibliographical references. |
| 650 ## - SUBJECT ADDED ENTRY--TOPICAL TERM | |
| Topical term or geographic name as entry element | Physical education and training. |
| 700 ## - ADDED ENTRY--PERSONAL NAME | |
| Personal name | Ballecer, Meynardo L., |
| Relator term | author. |
| 9 (RLIN) | 6577 |
| 700 ## - ADDED ENTRY--PERSONAL NAME | |
| Personal name | Dela Cruz, Francis Jose S., |
| Relator term | author. |
| 9 (RLIN) | 6578 |
| 700 ## - ADDED ENTRY--PERSONAL NAME | |
| Personal name | Ignacio III, Rodolfo A., |
| Relator term | author. |
| 9 (RLIN) | 6579 |
| 700 ## - ADDED ENTRY--PERSONAL NAME | |
| Personal name | Reyes, Mark Dexter L., |
| Relator term | author. |
| 700 ## - ADDED ENTRY--PERSONAL NAME | |
| Personal name | Solmerano, Ernesto Thaddeus M., |
| Relator term | author. |
| 700 ## - ADDED ENTRY--PERSONAL NAME | |
| Personal name | Ignacio III, Rodolfo A., |
| Relator term | author. |
| 942 ## - ADDED ENTRY ELEMENTS (KOHA) | |
| Koha item type | Filipiniana |
| Source of classification or shelving scheme | Library of Congress Classification |
| Withdrawn status | Lost status | Source of classification or shelving scheme | Damaged status | Not for loan | Collection code | Home library | Current library | Shelving location | Date acquired | Source of acquisition | Total Checkouts | Full call number | Barcode | Date last seen | Copy number | Koha item type |
|---|---|---|---|---|---|---|---|---|---|---|---|---|---|---|---|---|
| Library of Congress Classification | Non-fiction | Taytay College Library | Taytay College Library | Filipiniana Section | 10/21/2025 | Purchased | GV341 .P569b 2025 | URSTAY-5927 | 10/22/2025 | 1 | Filipiniana | |||||
| Library of Congress Classification | Non-fiction | Taytay College Library | Taytay College Library | Filipiniana Section | 10/21/2025 | Purchased | GV341 .P569b 2025 | URSTAY-5928 | 10/22/2025 | 2 | Filipiniana |